• 首页
  • 本馆介绍
  • 公告通知
  • 最新文献
  • 馆藏检索
  • 电子资源
  • 读者导购
  • 参考咨询
  • 我的图书馆
  • 登录
  • 详细信息显示
  • 放入我的书架
  • 预约/预借图书
  • 作者相关作品
  • 分类相关作品
  • 丛书相关作品
  • 出版社相关作品

书目信息

  • 表格格式
  • 工作单格式
  • 卡片格式
题名:
西方旅游史
    
 
作者: 王永忠 著
分册:  
出版信息: 南京   东南大学出版社  2004
页数: 283页
开本: 24cm
丛书名: 旅游与景观科学丛书
单 册:
中图分类: F591.9
科图分类:
主题词: 旅游业--历史--西方国家 , 旅游业
电子资源:
ISBN: 7-81089-565-6
000 00907oam2 2200277 450
001 012007951852
005 20070515113112.09
010    @a7-81089-565-6@dCNY35.00
100    @a20070423d2004 km y0chiy0120 ea
101 0  @achi
102    @aCN@b320000
105    @ay z 000yy
106    @ar
200 1  @a西方旅游史@Axi fang lu you shi@f王永忠著@Fwang yong zhong zhu
210    @a南京@c东南大学出版社@d2004
215    @a283页@d24cm
225 2  @a旅游与景观科学丛书
330    @a本书按照时间的脉络对西方历史上发生的旅游活动及其影响进行了研究,梳理西方旅游发展随文明演进的一般规律,并采用多元化比较的观点,揭示“旅游是文明间的对话”。
461  0 @12001 @a旅游与景观科学丛书
510 1  @aWest tourism history@zeng
606 0  @a旅游业@x历史@y西方国家
606 0  @a旅游业
690    @aF591.9@v4
701  0 @a王永忠@Awang yong zhong@4著
801  0 @aCN@bRULIN@c20070515
905    @dF591.9@e120@s5
    
    西方旅游史/王永忠著.-南京:东南大学出版社,2004
    283页;24cm.-(旅游与景观科学丛书)
    
    
    ISBN 7-81089-565-6:CNY35.00
    本书按照时间的脉络对西方历史上发生的旅游活动及其影响进行了研究,梳理西方旅游发展随文明演进的一般规律,并采用多元化比较的观点,揭示“旅游是文明间的对话”。
●
相关链接 在E读中查询图书 在五车中查询图书 在当当中查询图书 在豆瓣中查询图书


正题名:西方旅游史     索取号:F591.9/120         预约/预借

序号 登录号 条形码 馆藏地/架位号 状态 备注
1 0570590   205705904   第一样本阅览室/ [索取号:F591.9/120] 在馆    
2 0570591   205705913   第一借阅区/ [索取号:F591.9/120] 在馆    
3 0570592   205705922   第一借阅区/ [索取号:F591.9/120] 在馆    
4 0570593   205705931   第一借阅区/ [索取号:F591.9/120] 在馆    
5 0570594   205705940   第一借阅区/ [索取号:F591.9/120] 在馆    
唐山师范学院图书馆 欢迎您!
大连网信软件有限公司© 版权所有